00501cam a2200181 a 4500020001500000020001800015020001500033020001800048020001500066020001800081040000800099082002600107100002600133245003700159250001800196300008800214700001700302 a0393973395 a9780393973396 a0393973492 a9780393973495 a0393974421 a9780393974423 cDLC00a973 TIN 1999 A114 Or.1 aTindall, George Brown10aAmerica :ba narrative history / aFifth edition a2 volumes (xxi, 1, 690 pages, 226 unnumbered pages) :billustrations, maps ;c24 cm1 aShi, David E